Historia de las instituciones políticas y sociales de Chile

Uloženo v:
Podrobná bibliografie
Hlavní autor: Eyzaguirre Gutiérrez, Jaime (autor)
Médium: Kniha
Jazyk:španělština
Vydáno: Santiago, Chile: Universitaria, 1981
Vydání:Cuarta edición
Edice:Manuales y Monografías
Témata:
Tagy: Přidat tag
Žádné tagy, Buďte první, kdo vytvoří štítek k tomuto záznamu!

MARC

LEADER 00000nam a2200000 a 4500
001 UCT6949
003 CL-VaPUC
005 20250416165216.0
008 970113e19810000CL |||||||||||||||||spa|d
999 |c 255618  |d 255616 
040 |c Pontificia Universidad Católica de Valparaíso 
082 0 4 |a 983 EYZ 1981  |2 21 
100 1 |a Eyzaguirre Gutiérrez, Jaime  |e autor  |9 584583 
245 1 0 |a Historia de las instituciones políticas y sociales de Chile 
250 |a Cuarta edición 
260 |a Santiago, Chile:  |b Universitaria,  |c 1981 
300 |a 215 páginas 
490 0 |a Manuales y Monografías 
583 |a last modification  |c 19970113 00:00:00  |k Rodrigo Vera 
650 1 |a Historia de Chile  |9 902189  |y Siglos 16-20 
650 1 |a Historia constitucional   |z Chile  |9 860571 
650 1 |a Instituciones políticas  |9 255506 
651 |a Chile  |x Condiciones sociales  |y Siglos 16-20  |9 902196 
651 |a Chile  |x Política y gobierno  |y Siglos 16-20  |9 902197 
942 |c BK  |2 ddc 
945 |d 19970113 00:00:00  |a paguirre 
952 |0 0  |1 0  |4 0  |6 983_000000000000000_EYZ_1981  |7 0  |8 A  |9 277940  |a BIBDER  |b BIBDER  |d 2019-11-19  |i 1804677  |o 983 EYZ 1981  |p 1804677  |r 2023-01-25  |w 2019-11-19  |y BK  |k DER 
952 |0 0  |1 0  |4 0  |6 983_000000000000000_EYZ_1981  |7 0  |8 A  |9 277941  |a BIBTEO  |b BIBTEO  |d 2019-11-19  |i 2103451  |o 983 EYZ 1981  |p 2103451  |r 2025-01-17  |w 2019-11-19  |y BK  |k ICR